Les plus gros achats du football en ligue 1 - Statistiques

Statistiques générales
  • Ce quiz a été pris 98 fois
  • Le résultat moyen est 7 sur 10
Statistiques - réponses
Rang Saison Montant Allant à Joueurs % Correct
#2 2018-2019 180 millions Paris SG Kylian Mbappé
99%
#1 2017-2018 222 millions Paris SG Neymar
99%
#3 2023-2024 95 millions Paris SG Randal Kolo Muani
80%
#7 2013-2014 64,5 millions Paris SG Edinson Cavani
77%
#10 2024-2025 59,92 millions Paris SG Joao Neves
72%
#5 2021-2022 68 millions Paris SG Achraf Hakimi
62%
#6 2023-2024 65 millions Paris SG Gançalo Ramos
59%
#8 2015-2016 63 millions Paris SG Angel Di Maria
52%
#4 2024-2025 70 millions Paris SG Khvicha Kvaratskhelia
40%
#9 2023-2024 60 millions Paris SG Manuel Ugarte
26%
Aucun quiz correspondant
Distribution des résultats
% des personnes avec chaque résultat
Percentile par nombre de réponses
Votre historique - résultats
Vous n’avez pas pris ce quiz